000
00329 a2200145 4500
001
154421
040
_c
Escola São Tomás de Aquino
100
_a
FRANÇA, Eliardo
240
1
0
_a
Tuca, vovó e Guto
_l
por
245
1
0
_a
Tuca, vovó e Guto
362
0
_a
2011
440
1
_a
Ática
697
_a
*LITERATURA INFANTIL
942
_c
BK
999
_c
154421
_d
154421